Κτηματαγορά και η ανάπτυξη μιας μεσαίου μεγέθους πόλης : η περίπτωση της Μυτιλήνης : πτυχιακή εργασία

Saved in:
Bibliographic Details
Main Author: Βουνάτσου, Βαρβάρα
Corporate Author: Πανεπιστήμιο Αιγαίου. Σχολή Κοινωνικών Επιστημών. Τμήμα Γεωγραφίας
Format: Thesis Book
Language:Greek
Published: 2002.
Subjects:
Tags: Add Tag
No Tags, Be the first to tag this record!

MARC

LEADER 00000cam a2200000 i 4500
001 1/89530
008 051121s2002 gre d
035 |l 10081350 
040 |a GR-MY-UA  |b gre  |e aacr 
041 0 |a gre 
082 0 |a 307.76  |2 (22) 
100 1 |a Βουνάτσου, Βαρβάρα. 
245 1 0 |a Κτηματαγορά και η ανάπτυξη μιας μεσαίου μεγέθους πόλης :   |b η περίπτωση της Μυτιλήνης : πτυχιακή εργασία /   |c Βαρβάρα Βουνάτσου ; υπεύθυνος καθηγητής Δελλαδέτσιμας Π.Μ. 
260 |c 2002. 
300 |a 231 σ. :   |b πιν., διαγρ., χάρτες ;   |c 30 εκ. 
500 |a Μέλη εξεταστικής επιτροπής: Δελλαδέτσιμας Π.Μ., Κορρέας Γ., Σουλακέλλης Ν. 
502 |a Πτυχιακή εργασία – Πανεπιστήμιο Αιγαίου, Λέσβος, 2002. 
504 |a Βιβλιογραφία: σ. 168-172. 
650 0 |a Real property  |z Greece  |z Mytilene (Lesbos) 
650 0 |a Residential real property  |z Greece  |z Mytilene (Lesbos) 
650 0 |a Urbanization  |z Greece  |z Mytilene (Lesbos) 
650 0 |a City planning  |z Greece  |z Mytilene (Lesbos) 
650 0 |a Dissertations, Academic  |z Greece. 
700 1 |a Δελλαδέτσιμας, Παύλος Μαρίνος Α.  |e dgs 
710 2 |a Πανεπιστήμιο Αιγαίου.   |b Σχολή Κοινωνικών Επιστημών.   |b Τμήμα Γεωγραφίας. 
852 |a INST  |b LESVOS  |c DIATR  |e 20051121  |h 123  |p 005100033287  |q 005100033287  |t DIE  |y 23 
852 |a INST  |b LESVOS  |c DIATR  |e 20051121  |h 124  |p 005100033288  |q 005100033288  |t DIE  |y 23 
901 |a BIBL1-2005-3 
909 |a Λ  |b 102864 
909 |a Λ  |b 102865 
924 |a ΒΟΥΝΑΤΣΟΥ  |b ΒΑΡΒΑΡΑ  |y ΛΕΣΒΟΣ  |z 2002-10 
970 |a ΜΑΡΙΝΑΤΟΥ  |b ΜΥΡΣΙΝΗ  |z 2005/11/21